Responses for show #6506 - Monday, December 24, 2012

Contestants

[<< previous game]

Gina Armstrong, a web designer from Anniston, Alabama

Kris Hamilton, a computer technician from Dublin, Ohio

Mike Wallace, a real estate agent from Sunnyside, New York (whose 2-day cash winnings total $48,800)

[next game >>]

Jeopardy! Round responses

lifescript.com
THE OLD TESTAMENT
ON CABLE
ADD A LETTER
IT'S A GAMBLE
THE "B"-GINNING & END OF THE COUNTRY
    $200 7
The Biggest Loser

Kris
    $200 6
Noah

Kris
    $200 1
Dallas

Kris
    $200 12
karate (karat)

Kris
    $200 17
craps

Kris
    $200 22
Belize

Kris
    $400 8
joints

Mike
    $400 27
the Ark of the Covenant

Mike
    $400 2
Deadliest Catch

Kris
    $400 13
pleat (peat)

Kris
    $400 18
pai gow

Kris
    $400 23
Brazil

Gina
    $600 9
capillaries

Kris
    $600 30
concubines

Kris
    $600 3
(Mike: Who is Julia Louise Dreyfus?)

Julia Louis-Dreyfus

MikeKris
    $600 14
smother (mother)

Kris
    $600 19
baccarat

Mike
    $600 24
Bosnia

Gina
    $800 10
metabolism (base metabolic rate)

Kris
    $800 28
the Temple of Solomon (the Second Temple of Jerusalem)

Kris
    $800 4
The Hatfields & McCoys

Kris
    $800 15
(Kris: What is hurl?)

launch (lunch)

Kris
Triple Stumper
    $800 20
the exacta

Kris
    $800 25
(Gina: What is Benin?)

Bahrain

KrisGina
    $1000 11
the hips

Kris
    $1000 29
the Mount of Olives

Triple Stumper
    $1000 5
Laura Linney

Gina
    $1000 16
sparse (spare)

Triple Stumper
    $1000 21
a prop bet

Triple Stumper
    $2,000 26
Bhutan

Kris

Scores at the first commercial break (after clue 13):

Mike Kris Gina
-$200 $5,400 $1,000

Scores at the end of the Jeopardy! Round:

Mike Kris Gina
$800 $11,000 $1,200

Double Jeopardy! Round responses

A PLETHORA OF PICTURE PLOTS
TERRITORIAL GOVERNORS
SOUNDS LIKE A SANDWICH
SCIENCE & NATURE
AUTHORS AT WAR
"DED" ENDS
    $400 22
Denver

Mike
    $400 15
a hero

Mike
    $400 7
deciduous

Gina
    $400 1
Cervantes

Kris
    $400 6
(Mike: What is deadeye?)

cold-blooded

Mike
Triple Stumper
    $800 21
(Mike: Who is Huckabee?)

William Clark

Mike
Triple Stumper
    $800 16
a club

Kris
    $800 12
egg

Mike
    $800 2
Herman Wouk

Mike
    $800 8
(Gina: What is your betrothed?)

intended

Gina
Triple Stumper
    $1200 26
Seven

Mike
    $1200 23
the Dakotas

Mike
    $1200 17
a sloppy joe

Mike
    $2,000 13
Titan

Mike
    $1200 3
Leo Tolstoy

Triple Stumper
    $1200 9
offended

Kris
    $1600 25
Amélie

Kris
    $1600 28
[End-of-round signal sounds.]

Lew Wallace

Triple Stumper
    $1600 18
Monte Cristo

Kris
    $1600 14
(Kris: What is 2.5 amps?)
(Gina: What is 25 amps?)

4

KrisGina
Triple Stumper
    $1600 4
(Edgar Rice) Burroughs

Kris
    $1600 10
the bearded lady

Kris
    $2000 27
American History X

Kris
    $2000 24
(Gina: What is California?)

Nebraska

Gina
Triple Stumper
    $2000 19
pulled pork

Triple Stumper
    $2000 20
Dolly

Kris
    $3,000 5
(Kris: Who is Kurt Vonnegut?)

Joseph Heller

Kris
    $2000 11
recorded

Triple Stumper

Scores at the end of the Double Jeopardy! Round:

Mike Kris Gina
$7,600 $19,200 -$2,800
(lock game)

[wagering suggestions for these scores]

Final Jeopardy! Round responses

1960s ROCK MUSIC
MikeWhat is Sgt. Pepper's
$7,600
KrisWhat is A Day in the Life
$3,000
"All You Need Is Love"

Final scores:

Mike Kris Gina
$0 $16,200 -$2,800
2nd place: $2,000 New champion: $16,200 3rd place: $1,000

Game dynamics:

Coryat scores:

Mike Kris Gina
$6,800 $21,200 -$2,800
11 R
(including 1 DD),
3 W
29 R
(including 1 DD),
3 W
(including 1 DD)
4 R,
4 W

Combined Coryat: $25,200

The J! Archive is created by fans, for fans. The Jeopardy! game show and all elements thereof, including but not limited to copyright and trademark thereto, are the property of Jeopardy Productions, Inc. and are protected under law. This website is not affiliated with, sponsored by, or operated by Jeopardy Productions, Inc. Join the discussion at JBoard.tv.